Tanzimat devrinde meclis-i vala (1838-1868) (Record no. 10643)
[ view plain ]
| 000 -BAŞLIK | |
|---|---|
| Sabit Uzunlukta Kontrol Alanı | 00919na a2200265 4500 |
| 001 - KONTROL NUMARASI | |
| Denetim Alanı | 24083 |
| 003 - KONTROL NUMARASI IDENTIFIER | |
| Denetim Alanı | MIRAKIL |
| 005 - SON İŞLEM TARİHİ VE ZAMANI | |
| Denetim Alanı | 20181213155329.0 |
| 008 - SABİT-BOY VERİ ELEMANLARI - GENEL BİLGİLER | |
| Sabit Uzunlukta Kontrol Alanı | 180321b tu 000 0 |
| 020 ## - ULUSLARARASI STANDART KİTAP NUMARASI | |
| Uluslararası Standart Kitap Numarası | 9751605598 |
| 040 ## - KATALOGLAMA KAYNAK | |
| Orijinal Kataloglama Ajansı | Milas |
| Kataloglama Dili | tur |
| Metne Dönüştürmek Ajansı | TR-AnCHP |
| 041 ## - DİL KODU | |
| Metin / Ses Parça Veya Ayrı Başlığın Dil Kodu | tur |
| 082 ## - DEWEY ONLU SINIFLANDIRMA NUMARASI | |
| Sınıflandırma Numarası | 956.101542 |
| Ürün Numarası | S39t 1994 |
| 090 ## - SINIFLAMA NUMARASI | |
| Sınıflama Numarası | 956.101542 S39t 1994 |
| 100 ## - ANA GİRİŞ - KİŞİSEL İSİM | |
| Kişisel Ad | Seyitdanlıoğlu, Mehmet |
| 245 ## - BAŞLIK TABLOSU | |
| Başlık | Tanzimat devrinde meclis-i vala (1838-1868) |
| Sorumluluk Tablosu, Vb | Mehmet Seyitdanlıoğlu |
| 260 ## - YAYIN, DAĞITIM, VB | |
| Yayın, Dağıtım, Vb Yeri | Ankara |
| Yayıncı, Dağıtıcı, Vs Adı | Atatürk Kültür Dil ve Tarih Yüksek Kurumu Türk Tarih Kurumu |
| Yayın, Dağıtım, Vb Tarihi | 1994 |
| 300 ## - FİZİKSEL TANIM | |
| Kapsam | 227 s. |
| Diğer Fiziksel Ayrıntıları | fotğ. |
| Boyutlar | 23 sm. |
| 440 ## - SERİSİ TABLOSU / KATMA GİRİŞİ - BAŞLIK | |
| Başlık | Atatürk Kültür Dil ve Tarih Yüksek Kurumu Türk Tarih Kurumu yayınları |
| Hacim / Ardışık Tanımı | VII. dizi- Sa. 149 |
| 504 ## - KAYNAKÇA VB NOT | |
| Kaynakça Vb Notu | Kaynakça ve dizin var. |
| 650 ## - KONU KATMA GİRİŞ - TOPİKAL DÖNEM | |
| Topikal Süreli Veya Coğrafi Ad Giriş Elemanı | Hukuk reformu |
| Genel Alt Bölümü | Türkiye |
| -- | Tarih |
| 650 ## - KONU KATMA GİRİŞ - TOPİKAL DÖNEM | |
| Topikal Süreli Veya Coğrafi Ad Giriş Elemanı | Tanzimat devri |
| Genel Alt Bölümü | Meclisi Vala |
| 650 ## - KONU KATMA GİRİŞ - TOPİKAL DÖNEM | |
| Topikal Süreli Veya Coğrafi Ad Giriş Elemanı | Türkiye |
| Genel Alt Bölümü | Siyaset ve yönetim |
| Kronolojik Alt Bölümü | 19. yy. |
| 942 ## - EKLENDİ GİRİŞ ELEMANLARI (KOHA) | |
| Sınıflandırma Veya Raf Düzeni Kaynak | Dewey Decimal Classification |
| Koha Öğesi Türü | Books |
| 999 ## - SİSTEM KONTROL NUMARALARI (KOHA) | |
| Koha Biblionumber | 10643 |
| Koha Biblioitemnumber | 10643 |
| Kalıcı Konum | Mevcut Konum | Edinme Tarihi | Edinim Kaynak | Toplam Check-Out'Lar | Tam Çağrı Numarası | Barkod | Tarih Son Görülme | İtibaren Geçerli Fiyatlar | Koha Öğesi Türü |
|---|---|---|---|---|---|---|---|---|---|
| CHP Kütüphanesi | CHP Kütüphanesi | 03/21/2018 | Bağış | 956.101542 S39t 1994 | 018114 | 03/21/2018 | 03/21/2018 | Books |
